Guest Speaker Maria Sultan (VHS-218) (Record no. 195608)
[ view plain ]
| 000 -LEADER | |
|---|---|
| fixed length control field | 00339 a2200133 4500 |
| 003 - CONTROL NUMBER IDENTIFIER | |
| control field | Nust |
| 005 - DATE AND TIME OF LATEST TRANSACTION | |
| control field | 20170207154227.0 |
| 040 ## - CATALOGING SOURCE | |
| Transcribing agency | Nust |
| 082 ## - DEWEY DECIMAL CLASSIFICATION NUMBER | |
| Classification number | 371.33 |
| 100 ## - MAIN ENTRY--PERSONAL NAME | |
| Personal name | Sultan, Maria |
| 245 ## - TITLE STATEMENT | |
| Title | Guest Speaker Maria Sultan (VHS-218) |
| Statement of responsibility, etc. | Maria Sultan |
| 440 ## - SERIES STATEMENT/ADDED ENTRY--TITLE | |
| Title | Guest Speaker Maria Sultan (VHS-218) |
| 538 ## - SYSTEM DETAILS NOTE | |
| System details note | Duration 98 Mins |
| 650 ## - SUBJECT ADDED ENTRY--TOPICAL TERM | |
| Topical term or geographic name entry element | Lecture--Maria Sultan |
| Withdrawn status | Lost status | Source of classification or shelving scheme | Damaged status | Not for loan | Collection code | Permanent Location | Current Location | Date acquired | Total Checkouts | Full call number | Barcode | Date last seen | Price effective from | Koha item type |
|---|---|---|---|---|---|---|---|---|---|---|---|---|---|---|
| Military College of Signals (MCS) | Military College of Signals (MCS) | 12/12/2016 | 371.33 LEC | MCSVHS-218 | 12/08/2016 | 12/12/2016 | Book |
